1590 1593 1517 1727 1654 1777 1822 1814 1511 1513 1581 1952 1421 1651 1037 1736 1175 1502 1679 1559 1434 1088 1553 1435 1586 1953 1423 1193 1902 1961 1390 1566 1024 1258 1295 1036 1153 1986 1025 1771 1368 1779 1627 1634 1817 1468 1291 1773 1101 1019 1848 1126 1180 1707 1532 1819 1200 1691 1570 1355 1920 1593 1857 1526 1395 1355 1602 1243 1593 1990 1427 1024 1405 1455 1039 1361 1633 1170 1318 1447 1242 1957 1283 1627 1149 1000 1425 1205 1740 1806 1470 1739 1120 1593 1605 1153 1843 1691 1308 BCNSPRNW ULIB Ver.6.0+V

เปลี่ยนเป็นภาษาไทย

Change to English
 แสดงรายละเอียดบรรณานุกรม
  กลับหน้าหลัก

Brief Record : Get Marc (ISO 2709) : E-mail record : QR code < ปิดหน้าต่าง
LEADER : 00000nam 2200000uu 4500
001    13399128025
003     ULIB
008    211223s2559||||th 000 0 tha d
020 ^- ^a9786160618675 (ชุด)
050 ^- ^aนว.^bซ696อ^cล.1
100 1^ ^aซู, โม่.
245 10 ^aอวลกลิ่นละอองรัก ล.1 /ซูโม่ เขียน ; อวี้ แปล.
250 ^- ^aพิมพ์ครั้งที่ 1.
260 ^- ^aกรุงเทพฯ :แจ่มใส,2559
300 ^- ^a2 เล่ม.
490 1^ ^aมากกว่ารัก
500 ^- ^aแปลจาก: Chen xiang ru xie.
653 ^- ^aจีนศึกษา
700 0^ ^aอวี้.
945    ^p619^l0^i008623
999    ^aประนอม เกษจรัล
รายการนี้ยังไม่มีแท็ก
คุณยังไม่ได้ล็อกอิน คุณสามารถมีกิจกรรมร่วมกับเว็บไซต์ได้ แต่ต้องล็อกอินก่อน ::
  ล็อกอิน

รายการสื่อสารสนเทศ

ลำดับที่ ประเภท เลขเรียก/บาร์โค้ด สถานที่ สถานะ
1. นวนิยาย
นวนิยาย
นว. ซ696อ ล.1 ฉ.1 
  Barcode: 008623
ห้องสมุดวิทยาเขตสวรรค์ประชารักษ์
►หนังสือทั่วไป
บนชั้น

รายการใกล้เคียง
    ผู้แต่ง [ซู, โม่.]

BibComment


ยังไม่เคยถูกคอมเมนท์

คอมเมนท์ทรัพยากรรายการนี้
  คอมเมนท์: อวลกลิ่นละอองรัก..


 Copyright 2026. Bcnsprnw @Library